000
00321 a2200133 4500
001
150579
040
_c
Escola São Tomás de Aquino
240
1
0
_a
Contando a história da matemática
_l
por
245
1
0
_a
Contando a história da matemática
362
0
_a
1992
440
1
_a
Ática
697
_a
MATEMÁTICA
942
_c
BK
999
_c
150579
_d
150579